Tewasnya Helang Hitam

Bibliographic Details
Main Author: Anis Nadhirah
Format: Book
Published: Selangor : Penerbit Mega Setia Emas , 2006
Series:Koleksi eksplorasi remaja
Subjects:

MARC

LEADER 00000cam a2200000 7i4500
001 0000000831
005 20151222.0
008 070703
020 |a 9831439066(set) 
020 |a 9831439147 
090 0 0 |a JF   |b AD MAL (1448) 
100 0 |a Anis Nadhirah 
245 1 0 |a Tewasnya Helang Hitam   |c Anis Nadhirah 
260 |a Selangor :   |b Penerbit Mega Setia Emas ,   |c 2006 
440 |a Koleksi eksplorasi remaja 
500 |a Children ages 7-9 years old (orange) 
650 0 |a Malay fiction 
999 |a 0000956592   |b Book   |c Children Collection   |e Cawangan Taman Universiti 
999 |a 0000956594   |b Book   |c Children Collection   |e Cawangan Segamat 
999 |a 0000969218   |b Book   |c Children Collection   |e Perbadanan Perpustakaan Awam Johor 
999 |a 0000969219   |b Book   |c Children Collection   |e Perbadanan Perpustakaan Awam Johor 
999 |a 0001071536   |b Book   |c Annual Reports   |e Cawangan Tangkak